Quiz sur l'Écosse - Statistiques

Statistiques générales
  • Ce quiz a été pris 151 fois
    40 depuis la dernière actualisation
  • Le résultat moyen est 17 sur 32
Statistiques - réponses
Indice Réponse % Correct
Capitale Édimbourg
100%
Langues officielles Anglais
97%
Unique frontière Angleterre
94%
Mot dans cette dernière langue servant à désigner un lac écossais Loch
94%
Plus grande ville du pays Glasgow
91%
Pays dont elle est une nation constitutive Royaume-Uni
88%
Jupe en laine typique pour homme Kilt
82%
Région montagneuse au nord du pays Highlands
76%
Langue non-officielle, parlée par plus d'un quart de la population écossaise Scot
76%
Plat national, appelé en France "panse de brebis farcie" Haggis
73%
Instrument, notamment utilisé dans les pipe band Cornemuse
70%
Célèbre animal imaginaire vivant dans l'un d'eux Nessie
67%
Animal national Licorne
64%
Motif sur ces derniers vêtements Tartan
61%
Roi d'Écosse actuel Charles III
58%
Acteur jouant James Bond dans les années 1960 et au début des années 1970 Sean Connery
58%
Nom utilisé pour qualifier le whisky écossais Scotch
45%
Figure de la résistance écossaise, héro national William Wallace
39%
Point culminant des Îles Britanniques Ben Nevis
33%
Ingénieur à l'origine de la machine à vapeur, une unité de mesure existe à son nom James Watt
33%
Surnom de l'équipe nationale de rugby à XV XV du Chardon
33%
Principaux archipels écossais Shetland
30%
Langues officielles Gaélique écossais
27%
Principaux archipels écossais Hébrides
27%
Principaux clubs de football rivaux Glasgow Celtic
24%
Principaux clubs de football rivaux Glasgow Rangers
24%
Principaux archipels écossais Orcades
24%
Nom du drapeau Croix de Saint-André / The Saltire
18%
Devise (en français ou en anglais) Pour ma défense, que Dieu me défende
15%
Nombre de régions (council areas) 32
12%
Biologiste ayant découvert la pénicilline Alexander Fleming
12%
Massif dont il fait partie Monts Grampians
9%
Aucun quiz correspondant
Distribution des résultats
% des personnes avec chaque résultat
Percentile par nombre de réponses
Votre historique - résultats
Vous n’avez pas pris ce quiz depuis la dernière actualisation